| 000 | 00658cam a22002291 4500 | ||
|---|---|---|---|
| 001 | sa 68010468 | ||
| 003 | DLC | ||
| 005 | 20260227112552.0 | ||
| 008 | 930618m19661967ii 000 0 eng | ||
| 010 | _asa 68010468 | ||
| 035 | _a(OCoLC)28292083 | ||
| 040 |
_aDLC _cNcD _dDLC |
||
| 042 | _apremarc | ||
| 050 | 0 | 0 |
_aHD9556.I43 _bB45 |
| 110 | 1 |
_aIndia. _bStudy Group on Coal Prices for Bengal-Bihar Coalfields. |
|
| 245 | 1 | 0 | _aReport. |
| 260 |
_a[Delhi, _bManager of Publications] _c1966 [i.e. 1967] |
||
| 300 |
_a55 p. _bforms. _c24 cm. |
||
| 500 | _aCover title. | ||
| 650 | 0 |
_aCoal _xPrices _zIndia _zWest Bengal. |
|
| 650 | 0 |
_aCoal _xPrices _zIndia _zBihar. |
|
| 999 |
_c83401 _d83401 |
||